Le banzai de l'économie japonaise
Đã lưu trong:
| 主要作者: | |
|---|---|
| 格式: | 圖書 |
| 語言: | Undetermined |
| 出版: |
Monaco
1982
|
| 主題: | |
| 標簽: |
添加標簽
沒有標簽, 成為第一個標記此記錄!
|
| Thư viện lưu trữ: | Trung tâm Học liệu Trường Đại học Cần Thơ |
|---|
| LEADER | 00498nam a2200193Ia 4500 | ||
|---|---|---|---|
| 001 | CTU_85680 | ||
| 008 | 210402s9999 xx 000 0 und d | ||
| 082 | |a 338.95219 | ||
| 082 | |b C858 | ||
| 100 | |a Courdy, Jean- Claude | ||
| 245 | 0 | |a Le banzai de l'économie japonaise | |
| 245 | 0 | |c Jean- Claude Courdy | |
| 260 | |a Monaco | ||
| 260 | |b 0 | ||
| 260 | |c 1982 | ||
| 650 | |a Japan | ||
| 650 | |x Economic conditions | ||
| 904 | |i Năm | ||
| 980 | |a Trung tâm Học liệu Trường Đại học Cần Thơ | ||